Can You Guess Every F1 grand prix winner shown below. - Statistics

General Stats
  • This quiz has been taken 37 times
  • The average score is 14 of 15
Answer Stats
Hint Answer % Correct
Italy,2018 Lewis Hamilton
100%
Saudi Arabia,2021 Lewis Hamilton
100%
Qatar,2021 Lewis Hamilton
100%
Brazil.2021 Lewis Hamilton
100%
Bahrain,2021 Lewis Hamilton
100%
Belgium,2019 Charles Leclerc
96%
Bahrain.2022 Charles Leclerc
96%
Austria,2022 Charles Leclerc
96%
Spain,2023 Max Verstappen
96%
Singapore,2023 Carlos Sainz
93%
Ausralia,2024 Carlos sainz
93%
Spain,2013 Fernando Alonso
82%
UK,2021 Lewis Hamilton
79%
Italy,2011 Sebastian Vettel
79%
Portugal,1985 Ayrton Senna
61%
No matching quizzes found
Score Distribution
Percent of People with Each Score
Percentile by Number Answered
Your Score History
You have not taken this quiz